| 000 | 00382nam a22001457a 4500 | ||
|---|---|---|---|
| 008 | 250320b |||||||| |||| 00| 0 eng d | ||
| 020 | _a9780241554951 | ||
| 050 |
_aJZ1307 _b.G73 |
||
| 100 | _aGray John | ||
| 245 | _aThe new levia thang thoughts after libralism | ||
| 260 |
_aU.K _bPeinguin books _c2023 |
||
| 300 | _a178p | ||
| 650 |
_aPolitical Realism _vNation State |
||
| 942 | _cBK | ||
| 999 |
_c2572 _d2572 |
||